Statistics for Roblox games

Click here to take the quiz!

General Stats

  • This quiz has been taken 578 times
  • The average score is 4 of 12

Answer Stats

Look at me and answer Games % Correct
Minigames That are EpicEpic Minigames
68%
Best Pizza GameWork at A Pizza Place
59%
Plane Crashed on An ______Island
53%
Very Good Pokemon GamePokemon Brick Bronze
52%
Fashion ______Fashion Frenzy
50%
Real Life DisastersNatural Disaster Survival
43%
Best Murder GameMM2
14%
Roblox Remake Of the Shipwreck of historyRoblox Titanic
10%
A Reopened game of a NeighborHoodThe Neighborhood Of Robloxia
5%
Nerf In RobloxNerf Fps
4%
Freeze Tag and Hide and SeekIcebreaker!
4%
Run In RobloxRoblox Run
2%

Score Distribution

Percentile by Number Answered

Percent of People with Each Score

Your Score History

You have not taken this quiz